00357nam a2200133Ia 4500008004100000020001500041100001700056245006200073250000900135260003800144300000800182650001500190700001800205221030s9999 xx 000 0 und d a8131518132 aR. L. Mathis 0aHuman Resource Managementcby R. L. Mathis, J. H. Jackson a13th bCengage LearningaNew Delhic2012 a729 aManagement aJ. H. Jackson